| 000 | 00967cam a2200313 a 4500 | ||
|---|---|---|---|
| 001 | 17506658 | ||
| 003 | PILC | ||
| 005 | 20160523104358.0 | ||
| 008 | 121019s2013 paua 001 0 eng | ||
| 010 | _a 2012042879 | ||
| 020 | _a9781455709618 (spiral bound : alk. paper) | ||
| 035 | _a(DNLM)101594407 | ||
| 040 |
_aDNLM/DLC _cDLC _dDLC |
||
| 042 | _apcc | ||
| 050 | 0 | 0 |
_aQM 455 _b.N65 2013 |
| 060 | 1 | 0 | _aWL 17 |
| 082 | 0 | 0 | _a611/.81 |
| 100 | 1 | _aNolte, John. | |
| 245 | 1 | 4 |
_aThe human brain in photographs and diagrams / _cJohn Nolte, Jay B. Angevine Jr. |
| 250 | _a4th edition. | ||
| 260 |
_aPhiladelphia, PA : _bElsevier/Saunders, _c2013. |
||
| 300 |
_axiii, 258 pages : _bcolor illustrations ; _c31 cm |
||
| 500 | _aIncludes index. | ||
| 650 | 1 | 2 |
_aBrain _xanatomy & histology _vAtlases. |
| 700 | 1 | _aAngevine, Jay B. | |
| 906 |
_a7 _bcbc _corignew _d1 _eecip _f20 _gy-gencatlg |
||
| 942 |
_2lcc _cBK |
||
| 999 |
_c294692 _d294692 |
||